00412 a2200109 4500001001000000005001700010008004100027245011100068100003000179773007600209999001700285ART_4185620260410162024.0260409a 10aIncidencia de las características de la red de apoyo en la ayuda total recibida por las personas mayores1 aSilva Corrêa, Cristiane0 tNotas de poblacióng- Año XLIII, Nº 103 (jul./dic. 2016)wREV41841 c33362d33362